| 000 | 00408nab a2200145Ia 4500 | ||
|---|---|---|---|
| 003 | ES-SlBCS | ||
| 005 | 20210601124312.0 | ||
| 008 | 140529s1983 xxu||||| |||| 00| 0 eng d | ||
| 041 | _aeng | ||
| 100 | 1 |
_aVarga, Kurt _9139432 |
|
| 245 | 0 | 0 |
_aHeslep's Mental in Education _c Kurt Varga |
| 650 | 0 | 4 |
_aEducación _986687 |
| 773 | 0 |
_tEducational Theory _gvol. 33, nº. 1, 1983, págs. 41-56 _wRev1399 |
|
| 942 | _cAR | ||
| 999 |
_c512585 _d512585 |
||